A different love : (Record no. 6195)

MARC details
000 -LEADER
fixed length control field 00848nam a2200229zi 4500
003 - CONTROL NUMBER IDENTIFIER
control field URS
005 - DATE AND TIME OF LATEST TRANSACTION
control field 20220117090721.0
008 - FIXED-LENGTH DATA ELEMENTS--GENERAL INFORMATION
fixed length control field 190507s1993 ph ||||| |||| 00| 0 eng |
040 ## - CATALOGING SOURCE
Transcribing agency URS
Description conventions rda
Original cataloging agency URS
Language of cataloging eng
Modifying agency URS
050 14 - LIBRARY OF CONGRESS CALL NUMBER
Classification number HQ 76.25
Item number H7367 1993
100 1# - MAIN ENTRY--PERSONAL NAME
Personal name Holmes, Margarita Go Singco
Relator term author
245 12 - TITLE STATEMENT
Title A different love :
Remainder of title being gay in the Philippines /
Statement of responsibility, etc. Margarita Go Singco-Holmes
264 #1 - PRODUCTION, PUBLICATION, DISTRIBUTION, MANUFACTURE, AND COPYRIGHT NOTICE
Place of production, publication, distribution, manufacture Pasig, Metro Manila :
Name of producer, publisher, distributor, manufacturer Anvil Publishing, Incorporated,
Date of production, publication, distribution, manufacture, or copyright notice [date of publication not identified]
264 #4 - PRODUCTION, PUBLICATION, DISTRIBUTION, MANUFACTURE, AND COPYRIGHT NOTICE
Date of production, publication, distribution, manufacture, or copyright notice ©1993
300 ## - PHYSICAL DESCRIPTION
Extent xxi, 316 pages ;
Dimensions 23 cm
336 ## - CONTENT TYPE
Source rdacontent
Content type term text
Content type code txt
337 ## - MEDIA TYPE
Source rdamedia
Media type term unmediated
Media type code n
338 ## - CARRIER TYPE
Source rdacarrier
Carrier type term volume
Carrier type code nc
524 ## - PREFERRED CITATION OF DESCRIBED MATERIALS NOTE
Preferred citation of described materials note Holmes, M. G. (1993). A different love : being gay in the Philippines. Pasig, Metro Manila: Anvil Publishing, Incorporated
650 #0 - SUBJECT ADDED ENTRY--TOPICAL TERM
Topical term or geographic name entry element Gays
942 ## - ADDED ENTRY ELEMENTS (KOHA)
Source of classification or shelving scheme Library of Congress Classification
Koha item type Filipiniana
Holdings
Withdrawn status Source of classification or shelving scheme Damaged status Not for loan Collection code Home library Current library Shelving location Date acquired Total Checkouts Full call number Barcode Date last seen Price effective from Koha item type
  Library of Congress Classification     Non-fiction Cardona College LIbrary Cardona College LIbrary General Stacks 05/07/2019   HQ 76.25 H7367 1993 URSCAR-2174 05/08/2019 05/07/2019 Filipiniana

University of Rizal System
Email us at univlibservices@urs.edu.ph

Visit our Website www.urs.edu.ph/library